Langues officielles par pays d'Amérique du Sud - Statistiques

Statistiques générales
  • Ce quiz a été pris 329 fois
  • Le résultat moyen est 11 sur 12
Statistiques - réponses
Pays Langue % Correct
Argentine Espagnol
100%
Chili Espagnol
100%
Colombie Espagnol
100%
Équateur Espagnol / Kichwa / Shuar
100%
Bolivie Espagnol / Quecha / Aymara / Guarani (et 33 autres langues indigènes)
100%
Brésil Portugais
100%
Paraguay Espagnol / Guarani
97%
Pérou Espagnol / Quecha / Aymara
97%
Venezuela Espagnol
94%
Uruguay Espagnol
93%
Guyana Anglais
83%
Suriname Néerlandais
63%
Aucun quiz correspondant
Distribution des résultats
% des personnes avec chaque résultat
Percentile par nombre de réponses
Votre historique - résultats
Vous n’avez pas pris ce quiz